| 000 | 01065nam a22002537a 4500 | ||
|---|---|---|---|
| 005 | 20170124102957.0 | ||
| 010 | _aB-089192 | ||
| 020 |
_c90.00 _a817043217 |
||
| 035 | _aB-089192 | ||
| 037 | _bCen Lib/Ret | ||
| 040 |
_aDPL _bHN |
||
| 082 |
_a822 _bवर्मारा |
||
| 100 |
_aवर्मा, रामगोपाल _9113092 |
||
| 245 |
_aहास्य-व्यंग्य रंग एकांकी / _cरामगोपाल वर्मा |
||
| 246 |
_aHasye-vyangye rang ekanki / _bby Ramgopal Verma |
||
| 260 |
_aदिल्ली _bआत्माराम एंड संस _c2003 |
||
| 270 |
_bदिल्ली _aकश्मीरी गेट _e110006 |
||
| 300 |
_a111पृ. _c20सेमी (सजिल्द) |
||
| 650 |
_aहिन्दी -- साहित्य _9113093 |
||
| 650 |
_aहिन्दी -- एकांकी नाटक _9113094 |
||
| 650 |
_aHindi -- Literature _9113095 |
||
| 650 |
_aHindi -- One-act play _953587 |
||
| 942 |
_2ddc _cHN _h822 _mवर्मारा |
||
| 999 |
_c113725 _d113725 |
||